[Event "Poti Aleksandria Cup-B 8th"]
[Site "Poti"]
[Date "2013.07.16"]
[Round "4"]
[White "Lomidze, Robert"]
[Black "Choladze, Mariam"]
[Result "0-1"]
[WhiteElo "1850"]
[BlackElo "1932"]
[PlyCount "34"]
[EventDate "2013.07.13"]
[EventType "swiss"]
[EventRounds "9"]
[EventCountry "GEO"]
[SourceTitle "EXT 2014"]
[Source "ChessBase"]
[SourceDate "2013.11.20"]
[SourceVersion "1"]
[SourceVersionDate "2013.11.20"]
[SourceQuality "1"]

1. c4 e5 2. Nc3 Nf6 3. a3 d5 4. cxd5 Nxd5 5. Nf3 Nc6 6. e4 Nf6 7. Bb5 Bg4 8. Qa4 Bd7 9. Qc4 Bd6 10. d4 Nxd4 11. Nxd4 exd4 12. Qxd4 0-0 13. 0-0 Re8 14. Bxd7 Qxd7 15. Bg5 Bxh2+ 16. Kxh2 Qxd4 17. Rad1 Qb6 0-1